00222 2200109 4500245002200000250001100022100001600033650001600049005001900065041001400084084001400098 aLAGU BETAWIhText aCet. 1 aFatih Bagus aKarya Siswa a20250424092122 aIndonesia a081 FAT j